[Event "Turnier 40 / 120"]
[Site "Wien"]
[Date "2021.06.08"]
[Round "27"]
[White "Pewatronic Masterchess 24 MHz"]
[Black "Mephisto Risc 2"]
[Result "0-1"]
[WhiteElo "2183"]
[BlackElo "2237"]
[PlyCount "82"]
[EventDate "2021.??.??"]

1. c4 c6 2. Nf3 d5 3. d4 Nf6 4. cxd5 cxd5 5. Nc3 Nc6 6. Bf4 Bf5 7. e3 e6 8. Qb3
Bb4 9. Bb5 O-O 10. O-O Bxc3 {Buchende Risc II} 11. Bxc6 {Buchende Pewatronic}
Bxb2 {Buchbewertung Risc II, +0,06} 12. Bxb7 {Buchbewertung Pewatronic, -0,1 /
lt. Stockfish ist die Stellung ca. gleich.} Bxa1 13. Rxa1 Qb6 14. Bxa8 Rxa8 15.
Rc1 Qa6 16. Ne5 Rc8 17. Rc3 h6 18. Rxc8+ Qxc8 19. Qa3 Qc2 20. h3 Ne4 21. Qxa7 {
Pewatronic 0,0, ein schlechter Zug, den Stockfish mit +1,50 für Weiss
bewertet, viel besser ist Sd7, danach wäre die Stellung gleich.} Qc1+ 22. Kh2
Nxf2 {Risc II +1,09} 23. Qxf7+ Kh7 24. Kg3 Qg1 25. Ng4 Ne4+ 26. Kh4 {
Pewatronic hat sich schon aufgegeben, -2,4} Qxg2 {Risc II ist noch
vorsichtiger, -1,12, es entstehen hier 2 geschlossene Freibauern, die
natürlich die Partie entscheiden, an dieser Stelle ist die Partie schon
gelaufen.} 27. Be5 Qxh3+ 28. Kxh3 Ng5+ 29. Kg3 Nxf7 30. Bc7 Bc2 31. Kf2 h5 32.
Nh2 Ng5 33. Kg3 Ne4+ 34. Kf4 Nc3 $2 {mit diesem Zug bringt der Risc II den
Sieg in Gefahr, Stockfish bewertet hier g5 bereits mit +4,00 für Schwarz,
diesen Zug nur noch mit +0,70 für Schwarz.} 35. Nf3 Kh6 36. Bd8 {deutlich
besser ist La5, was Stockfish nur noch mit +0,60 für Schwarz sieht, diesen
Zug mit +1,20 für Schwarz.} Nxa2 {besser ist Ld1} 37. Ng5 Bf5 38. Ke5 $2 {
Pewatronic -1,9, beide Geräte sind mit diesem Endspiel überfordert, denn
auch der Risc II hätte diesen fatalen Fehler gespielt, Stockfish sieht die
Fortsetzung h4 mit +5,00 für Schwarz, an dieser Stelle sieht Stockfish Sf7+
mit nur +0,60 für Schwarz, mit diesem Zug ist die Partie aber nun endgültig
verloren.} h4 39. Nxe6 Bxe6 {besser ist h3 wo der H-Bauer nicht mehr zu
stoppen ist.} 40. Kxe6 {besser ist Lxh4, aber hier ist es schon egal.} h3 41.
Bc7 Nc3 {Userentscheid: 0-1} 0-1

[Event "Turnier 40 / 120"]
[Site "Wien"]
[Date "2021.06.10"]
[Round "28"]
[White "Mephisto Risc 2"]
[Black "Pewatronic Masterchess 24 MHz"]
[Result "0-1"]
[WhiteElo "2237"]
[BlackElo "2183"]
[PlyCount "111"]
[EventDate "2021.??.??"]

1. c4 e5 2. Nc3 Nc6 3. Nf3 Nf6 4. g3 Bb4 5. Bg2 O-O 6. O-O e4 7. Ng5 Bxc3 8.
bxc3 Re8 {Buchende Pewatronic} 9. d3 exd3 {Buchbewertung Pewatronic, 0,0} 10.
exd3 {Buchende Risc II} d6 11. Rb1 {Buchbewertung Risc II, +0,21 / lt.
Stockfish steht Schwarz knapp besser mit ca. +0,20} Qe7 12. Ne4 Nxe4 13. Bxe4
Ne5 14. Qh5 g6 15. Qh6 c6 16. f4 Ng4 17. Qg5 Nf6 18. Rd1 {ein grober Fehler
den Stockfish mit +2,50 für Schwarz sieht mit der Fortsetzung d5, viel besser
ist f5, was Stockfish mit nur -0,50 aus der Sicht von Weiss sieht.} Bg4 {
Pewatronic kommt nicht auf diese Fortsetzung, diesen Zug bewertet Stockfish
noch mit +1,00 für Schwarz.} 19. Rd2 {Risc II -1,07, ein schrecklicher Fehler,
den Stockfish in der 1. Sekunde mit +6,00 für Schwarz mit der Fortsetzung d5
bewertet, nötig war hier Te1!} d5 {Pewatronic +1,1} 20. cxd5 cxd5 21. h3 {
Risc II -1,43 / Stockfish +8,40 mit der Fortsetzung dxe4.} dxe4 {Pewatronic +1,
9} 22. hxg4 exd3 23. Qe5 {Risc II -1,80} Rad8 {Pewatronic +2,5} 24. Qxe7 Rxe7
25. Ba3 Re2 26. Rxe2 dxe2 27. Re1 Rd2 28. Kg2 Rxa2 29. Bd6 Nxg4 30. Kf3 Nh2+
31. Kf2 Nf1 32. Be7 Nd2 33. Kxe2 Ne4+ 34. Kf3 {Risc II -2,15} f5 {Pewatronic
+2,3 / Stockfish +6,00} 35. Rd1 Rd2 36. Rxd2 {der Turmtausch hilft nur Schwarz
und vereinfacht die Aufgabe, besser ist noch Ta1.} Nxd2+ 37. Ke3 Ne4 38. g4
Nxc3 {an dieser Stelle ist die Partie natürlich gelaufen, Stockfish +10,00
für Schwarz.} 39. Kd4 {Risc II -2,86} Ne2+ {Pewatronic +4,5} 40. Ke3 Nxf4 $2 {
Pewatronic +4,5 gibt eine Figur für einen Bauern her, Stockfish trotzdem +7,
80 für Schwarz, 4 Bauern sollten eigentlich gegen den Läufer gewinnen.} 41.
Kxf4 {Risc II rechnet sich hier noch Chancen aus, -1,40.} fxg4 {Pewatronic
sieht sich schon als sicherer Sieger, +4,2} 42. Kxg4 a5 43. Bd8 a4 44. Be7 h6
45. Bb4 Kf7 46. Kf4 Ke6 47. Ke4 h5 48. Bf8 {Risc II -2,51} g5 {Pewatronic +4,6}
49. Ba3 {Risc II -2,80} h4 {Pewatronic +4,8} 50. Bc5 {Risc II -2,74} h3 {
Pewatronic +4,8} 51. Kf3 {Risc II -3,22} g4+ {Pewatronic +4,6} 52. Kg3 {
Risc II -3,29} Kd5 {Pewatronic +4,5} 53. Bb4 {Risc II -3,45} b6 {Pewatronic +4,
4, warum nicht gleich b5 ?} 54. Bd2 {Risc II -3,94} a3 {Pewatronic +5,1} 55.
Bc1 {Risc II -3,95} a2 {Pewatronic +5,3} 56. Bb2 {Risc II -5,11 -----> AUFGABE
!} 0-1

[Event "Turnier 40 / 120"]
[Site "Wien"]
[Date "2021.06.12"]
[Round "29"]
[White "Pewatronic Masterchess 24 MHz"]
[Black "Mephisto Risc 2"]
[Result "1-0"]
[WhiteElo "2183"]
[BlackElo "2237"]
[PlyCount "71"]
[EventDate "2021.??.??"]

1. d4 d5 2. c4 dxc4 3. Nf3 Nf6 4. e3 e6 5. Bxc4 c5 6. O-O a6 7. Qe2 b5 8. Bb3
Bb7 9. Nc3 Nbd7 10. e4 cxd4 11. Nxd4 {Buchende Pewatronic} Bd6 {Buchende Risc
II} 12. Bc2 {Buchbewertung Pewatronic -0,1} O-O {Buchbewertung Risc II +0,51 /
lt. Stockfish steht Schwarz klar besser mit ca. +0,80} 13. f4 e5 14. Nf5 Bc7
15. fxe5 Bxe5 16. Bf4 Qb6+ 17. Kh1 Rfe8 18. Bxe5 Rxe5 19. Qd2 Rd8 20. Qg5 g6
21. Nh6+ {deutlich besser ist Tad1, diesen Zug sieht Stockfish bereits mit +1,
20 für Schwarz.} Kf8 22. Qf4 {deutlich besser ist Dd2, diesen Zug sieht
Stockfish bereits mit +2,00 für Schwarz mit der Fortsetzung Kg7.} Kg7 23. Ng4
Nxg4 24. Qxg4 Nf6 25. Qf4 {Pewatronic 0,0} Rde8 {Risc II +0,40 / Stockfish +1,
60 für Schwarz} 26. a3 h6 27. Rf2 g5 28. Qf3 R8e7 29. Re1 R5e6 30. Qf5 a5 {
Risc II +0,24} 31. b4 {Pewatronic -0,2} Re5 32. Qf3 axb4 33. axb4 Ng4 34. Rd2
$2 {ein sehr schlechter Zug, den Stockfish gleich mit +2,50 für Schwarz mit
der Fortsetzung Dc7, Tfe2 hätte er nur mit -0,50 für Weiss gesehen (diesen
Zug verwirft der Pewatronic im letzten Augenblick).} Qc7 35. Qg3 {Pewatronic
erkennt den Fehler, -0,8} f5 {Risc II +0,37, besser ist Dc4.} 36. Rde2 {
an dieser Stelle ignoriert der Risc II wie in der letzten Runde von Staffel 2
das Zeitlimit, er lässt die Zeit einfach verstreichen und beendet die
Berechnung ohne einen Zug zu spielen, somit schenkt der Risc II diese
gewonnenene Stellung seinem Gegner und der ganze Punkt ist weg, da kenne ich
kein Pardon, denn er hat sich zur Erreichung dieses Vorteils einfach mehr Zeit
genommen, als ihm zusteht.} 1-0

[Event "Turnier 40 / 120"]
[Site "Wien"]
[Date "2021.06.15"]
[Round "30"]
[White "Mephisto Risc 2"]
[Black "Pewatronic Masterchess 24 MHz"]
[Result "1/2-1/2"]
[WhiteElo "2237"]
[BlackElo "2183"]
[PlyCount "55"]
[EventDate "2021.??.??"]

1. d4 Nf6 2. c4 e6 3. Nf3 b6 4. a3 Bb7 5. Nc3 d5 6. cxd5 Nxd5 7. Qc2 Nxc3 {
Buchende Pewatronic} 8. Qxc3 Bd6 {Buchbewertung Pewatronic, +0,1} 9. g3 O-O 10.
Bg2 {Buchende Risc II} Re8 11. O-O {Buchbewertung Risc II, +0,22 / lt.
Stockfish steht Weiss knapp besser mit ca. +0,20} Nd7 12. Be3 e5 13. Rad1 e4
14. Nd2 a5 15. Nc4 Rb8 16. Rc1 Nf6 17. Qc2 Rc8 18. Bh3 Ra8 19. Nxd6 cxd6 20.
Qd2 Nd5 21. Rc2 b5 22. Rfc1 {Risc II +0,61} b4 {Pewatronic -0,5} 23. a4 {
lt. Stockfish steht Schwarz klar besser, er bewertet hier die Fortsetzung h6
mit +1,30 für Schwarz.} b3 {Pewatronic 0,0} 24. Rc4 Ba6 25. Rc6 Bb7 26. R6c4
Ba6 27. Rc6 Bb7 28. R6c4 {Stellungswiederholung} 1/2-1/2

[Event "Turnier 40 / 120"]
[Site "Wien"]
[Date "2021.06.16"]
[Round "31"]
[White "Pewatronic Masterchess 24 MHz"]
[Black "Mephisto Risc 2"]
[Result "1-0"]
[WhiteElo "2183"]
[BlackElo "2237"]
[PlyCount "126"]
[EventDate "2021.??.??"]

1. c4 Nf6 2. d4 e6 3. Nc3 Bb4 4. e3 {Buchende Pewatronic} b6 5. Nf3 {
Buchbewertung Pewatronic, 0,0} Bb7 {Buchende Risc II} 6. Be2 Ne4 {
Buchbewertung Risc II, +0,09 / lt. Stockfish ist die Stellung etwa gleich.} 7.
Qc2 O-O 8. O-O f5 9. Nxe4 Bxe4 10. Qd1 Nc6 $2 {ein ganz schlechter Zug, den
Stockfish mit der Fortsetzung c5 bereits mit +3,00 für Weiss bewertet, das
ist aber für einen Oldie kaum zu sehen.} 11. a3 {Pewatronic +0,5, diese
Fortsetzung sieht Stockfish mit ca. +0,80 für Weiss.} Bd6 12. Nd2 $2 Qf6 $2 {
an dieser Stelle verpasst der Risc II den Gewinnweg Lxh2, der allerdings auch
für einen Oldie kaum zu sehen ist, denn da hätte Stockfish in weiterer Folge
auch noch den 2. Läufer mit Lxg2 für Angriff geopfert, viel zu kompliziert
für einen Oldie !} 13. Nxe4 fxe4 14. Qc2 Qh6 15. h3 Qg6 16. b4 Rab8 17. Bb2 {
Pewatronic +0,7 / lt. Stockfish steht Weiss klar besser mit ca. +1,50.} Nd8 {
Risc II -0,45} 18. Qa4 $2 {dieser Zug gibt den gesamten Vorteil her, nach 18.
b5 steht Schwarz schon etwas besser.} Nc6 $2 {Risc II kommt nicht auf diese
Fortsetzung.} 19. Rad1 a5 $2 {der nächste ganz schlechte Zug vom Risc II,
Stockfish bewertet hier die Fortsetzung c5 bereits mit +4,00 für Weiss, viel
besser war hier Tf5!} 20. bxa5 $2 {Pewatronic +0,9 sieht diese Fortsetzung
nicht, der Risc II könnte hier mit Tf5 die Stellung ausgleichen.} Ra8 21. Bc3
Nxa5 $2 {Risc II -0,58 bei Rechentiefe 7 HZ hat der Risc II grosse Probleme
mit dieser komplizierten Stellung, viel besser ist Tf5.} 22. Qxd7 {Pewatronic
+1,6} Rfd8 {Risc II -1,06} 23. Qb5 Bxa3 24. Ra1 Be7 25. Bxa5 bxa5 26. Rxa5 c6
27. Qe5 Rxa5 28. Qxa5 Bf6 29. Rb1 Qf7 30. Qc5 Qe8 31. Rb7 e5 32. dxe5 Qxe5 33.
Qxc6 {Pewatronic +2,2, lt. Stockfish ist die Partie längst enschieden, +5,00
für Weiss.} Bh4 {Risc II -1,62} 34. Qc7 $2 {Stockfish bewertet hier Tb5 um
ganze 3 Bauerneinheiten besser als diesen Zug, hier nur noch +2,00 für Weiss
mit der Fortsetzung Df6.} Qa1+ {Risc II sieht diese Fortsetzung nicht,
Stockfish +5,00 für Weiss mit der Fortsetzung Lf1.} 35. Kh2 Bf6 36. Qf7+ Kh8
37. Rd7 Rb8 38. Bg4 Qf1 39. Qe6 Qxf2 40. Qxe4 Rf8 41. Bd1 $2 {viel besser ist
c5 was Stockfish mit +3,30 für Weiss sieht, hier mit der Fortsetzung Lh4 nur
noch +1,00 für Weiss.} Bh4 42. Qg4 Bf6 43. Qg3 Qb2 44. Qf3 {an dieser Stelle
hat Weiss den gesamten Vorteil verspielt, Stockfish -0,10 aus der Sicht von
Schwarz mit der Fortsetzung g6.} Qb8+ {Risc II -0,98 (auch diese Fortsetzung
sieht Stockfish nur mit +0,20 für Weiss)} 45. Kg1 Bg5 46. Qe4 Qg3 47. Bf3 Qe1+
48. Kh2 Bxe3 49. Rd1 Qf2 50. h4 Bb6 51. Kh3 Bc7 52. Qg4 Be5 53. Rd5 Bc7 54. Rd7
Be5 55. Rf7 Rd8 $2 {ein grober Fehler lt. Stockfish, der hier die Fortsetzung
Dg5 mit +3,00 für Weiss bewertet, Dc5 hätte er nur mit -0,50 aus der Sicht
von Schwarz gesehen.} 56. Bd5 {Pewatronic +1,1, nicht der beste Zug, aber auch
diese Fortsetzung sieht Stockfish noch mit +2,00 für Weiss.} Qg1 57. g3 Rb8 {
der nächste gravierende Fehler, Stockfish bewertet hier Dc5 zwar auch schon
mit +3,00 für Weiss, hier jedoch die Fortsetzung Dg5 bereits mit +10,00 für
Weiss.} 58. Qg5 $1 {Pewatronic findet die richtige Fortsetzung mit einer
Bewertung von +2,4 !} Qxg3+ {Risc II -3,37 erkennt auch das Dilemma und gibt
eine Figur um den Angriff abzuwenden.} 59. Qxg3 Bxg3 60. Kxg3 h6 61. c5 Rd8 62.
Be4 Kg8 63. Rb7 Re8 {Risc II -5,47 ------> AUFGABE !} 1-0

[Event "Turnier 40 / 120"]
[Site "Wien"]
[Date "2021.06.17"]
[Round "32"]
[White "Mephisto Risc 2"]
[Black "Pewatronic Masterchess 24 MHz"]
[Result "1/2-1/2"]
[WhiteElo "2237"]
[BlackElo "2183"]
[PlyCount "110"]
[EventDate "2021.??.??"]

1. e4 c6 2. d4 d5 3. Nc3 dxe4 4. Nxe4 Nd7 5. Nf3 Ngf6 6. Ng3 e6 7. Bd3 c5 8.
O-O cxd4 9. Nxd4 Bc5 10. Nf3 O-O 11. Qe2 b6 12. Bf4 Bb7 13. Rad1 {Buchende
Risc II} Qc8 {Buchende Pewatronic} 14. Ne4 {Buchbewertung Risc II, +0,36} Nxe4
{Buchbewertung Pewatronic, 0,0 / lt. Stockfish ist die Stellung exakt gleich,
0,00} 15. Bxe4 Bxe4 16. Qxe4 Nf6 17. Qe2 Qb7 18. Ne5 Rad8 19. Bg5 Rxd1 20. Rxd1
Qe4 21. Kf1 Qxe2+ 22. Kxe2 Rc8 23. Bh4 Nd5 24. c4 Bd6 25. cxd5 Bxe5 26. d6 f6
27. Bg3 Bxg3 28. hxg3 Kf7 29. Ke3 {besser ist Td3.} e5 30. Ke4 {besser ist d7.}
Ke6 31. f4 f5+ {deutlich besser ist Tc4+.} 32. Ke3 g6 {besser ist exf4.} 33.
fxe5 Kxe5 34. Rd4 $2 {Risc II -0,71, verpasst den möglichen Ausgleich mit Th1,
diesen Zug bewertet Stockfish mit +2,00 für Schwarz.} Rd8 {Pewatronic +1,3}
35. Ra4 a5 $2 {wirft den ganzen Vorteil weg, Weiss kann mittels b4 Ausgleich
erlangen.} 36. g4 {Risc II kommt leider nicht auf diese Fortsetzung, diesen
Zug bewertet Stockfish gleich wieder mit +1,50 für Schwarz.} Rxd6 37. gxf5
Kxf5 38. Rf4+ Kg5 39. Rc4 h6 {viel besser ist Td5.} 40. b4 Re6+ 41. Kd3 $2 {
ein katastrophaler Zug, den Stockfish gleich mit +4,00 für Schwarz bewertet,
der König gehört natürlich an den Königsflügel, um dort die
Bauernmehrheit von Schwarz zu stoppen, Kf3 hätte Stockfish nur mit +0,40 für
Schwarz gesehen.} Re1 $2 {Pewatronic macht es nicht besser und wirft den
ganzen Vorteil wieder hin, Stockfish nur noch +0,30 für Schwarz, nötig ist
natürlich h5 usw. und Weiss wäre verloren.} 42. Rc6 axb4 43. Rxb6 Rg1 44.
Rb5+ Kf6 45. Rb6+ Kf7 46. Rb7+ Kf8 47. Rb8+ Ke7 48. Rb7+ Ke8 49. Rxb4 {besser
ist Tb8+} Rxg2 50. a4 Rg3+ $2 {dieses Zwischenschach ist sinnlos, Stockfish
nur noch +0,12 für Schwarz, viel besser ist Ke7, was Stockfish mit ca. +1,00
für Schwarz sieht.} 51. Kc2 Kd7 52. a5 Ra3 53. Rb6 Rxa5 54. Rxg6 Rh5 55. Kd3
Rh1 {Userentscheid: Remis} 1/2-1/2

[Event "Turnier 40 / 120"]
[Site "Wien"]
[Date "2021.06.18"]
[Round "33"]
[White "Pewatronic Masterchess 24 MHz"]
[Black "Mephisto Risc 2"]
[Result "0-1"]
[WhiteElo "2183"]
[BlackElo "2237"]
[PlyCount "110"]
[EventDate "2021.??.??"]

1. d4 c6 2. e4 d5 3. Nc3 dxe4 4. Nxe4 Bf5 5. Ng3 Bg6 6. Nf3 Nd7 7. Bd3 {
Buchende Pewatronic} e6 8. O-O {Buchbewertung Pewatronic, 0,0} Qc7 {Buchende
Risc II} 9. Bxg6 hxg6 {Buchbewertung Risc II, -0,03 / lt. Stockfish ist die
Stellung etwa gleich.} 10. c3 Bd6 11. Nd2 Ngf6 12. Nc4 Be7 13. Bg5 b5 14. Nd2
Nb6 15. Qf3 Rd8 16. Rfe1 a5 17. b3 c5 18. dxc5 Qxc5 19. Bxf6 {ein grober
Fehler lt. Stockfish, den er mit +1,50 für Schwarz bewertet, nach 19. h4
wäre die Stellung ausgeglichen (auch der Risc II hätte diesen Zug gemacht).}
gxf6 20. Nde4 Qe5 21. Rad1 {Pewatronic +0,3, Stockfish sieht diese Stellung
bereits mit +2,00 für Schwarz.} Rxd1 {der richtige Zug, Risc II sieht jedoch
keinen Vorteil, -0,18} 22. Rxd1 O-O 23. Ne2 f5 24. N4g3 Qc5 25. Qb7 Rd8 $2 {
Stockfish sieht hier Sd5 mit +3,00 für Schwarz, diesen Zug "nur" noch mit +1,
00 für Schwarz, also ganze 2 Bauerneinheiten schlechter.} 26. Rxd8+ Bxd8 27.
Qb8 Qc8 $2 {dieser Zug verspielt fast den gesamten Vorteil, Stockfish nur noch
+0,30 für Schwarz, viel besser ist Sc8!} 28. Qxc8 Nxc8 29. Nd4 Nd6 30. Nc6 Bb6
31. Kf1 f6 32. h3 Kf7 33. b4 $2 {ein grober Fehler, den Stockfish mit +2,00
für Schwarz bewertet mit der Fortsetzung a4, viel besser ist f4!} a4 {Risc II
+0,72} 34. Nb8 {Pewatronic hat hier keinen Durchblick nur -0,2 (Stockfish +3,
30 für Schwarz)} Ke7 35. Nc6+ Ke8 36. Ke1 f4 37. Ne2 e5 38. Nb8 {die Stellung
ist verloren für Weiss, Stockfish +3,90 für Schwarz.} a3 {dieser Zug
verspielt die Hälfte des Vorteils, Stockfish bewertet hier Kd8 mit +4,30 für
Schwarz, diesen Zug mit +2,20 für Schwarz.} 39. Nc6 Kd7 40. Na5 Ke6 41. Nb3 g5
42. Nd2 f5 43. f3 Be3 44. Nb1 Nc4 45. Kd1 Bb6 {Risc II +1,06} 46. Kc2 {
Pewatronic 0,0, für ihn ist dieses Endspiel undurchschaubar.} Ne3+ {besser
ist Le3, aber auch das sollte zum Sieg leicht reichen, Stockfish +5,00 für
Schwarz.} 47. Kb3 Nxg2 {Risc II sieht sich klar im Vorteil, +1,61} 48. Nxa3 {
Pewatronic bleibt uneinsichtig, 0,0} Nh4 {Risc II +1,74} 49. Nxb5 {Pewatronic
-0,5} Nxf3 50. a4 Nd2+ {Risc II +1,97} 51. Kc2 {Pewatronic -0,8} Ne4 {Risc II
+2,15} 52. a5 {Pewatronic -0,8} f3 $2 {Risc II +2,24, viel besser ist La7, was
Stockfish bereits mit +8,00 für Schwarz sieht, diesen Zug "nur" mit +3,00
für Schwarz, aber auch das sollte noch zum Sieg reichen.} 53. Ng3 $2 {
Pewatronic verwirft im letzten Moment den weit besseren Zug axb6, das war wohl
die letzte Chance hier noch etwas Widerstand zu leisten.} Bxa5 $2 {weit besser
ist Lg1, beide Programme haben so ihre Probleme mit diesem Endspiel, aber hier
gewinnt praktisch jede plausible Fortsetzung.} 54. Nxe4 fxe4 55. Kd2 {hier ist
noch bxa5 viel besser.} Bb6 {Userentscheid, 0-1} 0-1

[Event "Turnier 40 / 120"]
[Site "Wien"]
[Date "2021.06.18"]
[Round "34"]
[White "Mephisto Risc 2"]
[Black "Pewatronic Masterchess 24 MHz"]
[Result "1/2-1/2"]
[WhiteElo "2237"]
[BlackElo "2183"]
[PlyCount "139"]
[EventDate "2021.??.??"]

1. e4 e5 2. Nf3 Nc6 3. Bb5 a6 4. Ba4 Nf6 5. O-O Be7 6. Re1 b5 7. Bb3 O-O 8. c3
d6 9. h3 Bb7 10. d4 Re8 {Buchende Pewatronic} 11. Nbd2 {Buchende Risc II} exd4
{Buchbewertung Pewatronic, +0,2} 12. cxd4 {Buchbewertung Risc II, -0,03, lt.
Stockfish steht Weiss besser mit +0,50} Nd7 13. Nf1 Na5 14. Bc2 c5 15. Ne3 cxd4
16. Nxd4 Rc8 17. Nef5 {deutlich besser ist Sdf5} Bf6 {deutlich besser ist Lf8}
18. a4 {Risc II +0,03, der richtige Zug, den Stockfish bereits mit +2,70 für
Weiss bewertet.} b4 19. Bf4 $2 {Warum nicht Sxd6 erobert einen Bauern und
greift beide Türme an, lt. Stockfish gewinnt das die Partie mit +3,00, also
dass der Risc II diesen offensichtlichen Zug nicht sieht mag schon zu
verwundern, aber auch der Pewatronic hätte b3 erwartet also sieht das auch
nicht.} Qb6 $2 {Pewatronic +0,4, auch ein schwacher Zug, viel besser ist Se5,
beide Geräte haben große Probleme mit dieser komplizierten Stellung mit
zahlreichen Möglichkeiten, Stockfish sieht die Fortsetzung Tc1 mit +1,20 für
Weiss.} 20. Nb3 $2 {Risc II -0,20 erreicht nur eine Rechentiefe von 6 HZ nach
7 Minuten, tut sich echt hart, jetzt sieht Stockfish die Fortsetzung Sc4 mit
leichtem Vorteil für Schwarz.} Nc4 21. a5 Qd8 22. Qg4 {deutlich besser ist Tb1
} Nde5 23. Bxe5 Nxe5 24. Qe2 Nc4 25. Ra4 Bxe4 {deutlich besser ist d5} 26. Bxe4
d5 27. Nd2 $2 {ein sehr schlechter Zug, Stockfish sieht die Fortsetzung g6 mit
+2,00 für Schwarz, nach Sg3 wäre die Stellung ausgeglichen.} Nxd2 {
Pewatronic sieht aber diese Fortsetzung nicht, Stockfish nur noch +0,20 für
Schwarz.} 28. Qxd2 Rxe4 29. Rxe4 dxe4 30. Qxd8+ Bxd8 31. Rxb4 g6 32. Ne3 Rc1+
33. Nf1 e3 34. fxe3 Bxa5 35. Rb3 Be1 36. e4 Rc2 {verpasst deutlichen Vorteil,
der mit a5 zu haben war.} 37. Kh2 {ein schlechter Zug, Stockfish bewertet hier
Se3 knapp ausgeglichen, diesen Zug mit +2,00 für Schwarz mit der Fortsetzung
h5.} Kg7 {nicht der beste Zug, aber auch diese Fortsetzung sieht Stockfish mit
+1,70 für Schwarz.} 38. Ng3 {Risc II -0,43, auch das ist ungenau, viel besser
ist e5, diese Stellung bewertet Stockfish bereits mit +3,50 für Schwarz mit
der Fortsetzung h5.} h5 $1 {Pewatronic spielt den richtigen Zug mit einer
Bewertung von +0,9} 39. h4 Kf6 $2 {verschenkt den gesamten Vorteil, der hier
bereits +4,00 für Schwarz war mit der Fortsetzung a5, diesen Zug bewertet
Stockfish nur noch mit +0,30 für Schwarz mit der Fortsetzung Tb6+.} 40. Kh3 $2
{Risc II -0,63, verwirft im letzten Moment den rettenden Zug Tb6, den er mit
-0,68 bewertet, also um 0,05 schlechter, leider ist er da aber ordentlich im
Irrtum, denn diesen Zug bewertet Stockfish gleich wieder mit +3,00 für
Schwarz mit der Fortsetzung Ke5.} Ke5 {Pewatronic macht den richtigen Zug
bewertet aber nur mit +0,6} 41. Rb7 f6 42. Nf1 Re2 43. Re7+ Kd6 44. Ra7 a5 45.
Ra6+ {Risc II -0,92} Ke7 {Pewatronic +1,2} 46. Ra7+ Kf8 47. Ra8+ Kf7 48. Ra7+
Ke6 49. Ra6+ Kf7 50. Ra7+ Kg8 51. Ra8+ Kg7 52. Rb8 Rxe4 53. Rb7+ Kf8 54. Rb8+ {
Stockfish +5,50 für Schwarz} Kf7 {Pewatronic +1,3} 55. g3 Bb4 56. Rb7+ Kf8 57.
Rb6 Kg7 58. Rb7+ Kh6 59. Rc7 {Risc II -1,65} f5 {Pewatronic +1,6, deutlich
besser ist Te2} 60. Rc2 {Risc II -1,16} f4 {Pewatronic +1,8} 61. Rf2 fxg3 62.
Nxg3 Re3 63. Re2 {Risc II -1,92} Rb3 {Pewatronic +2,0} 64. Kg2 Bf8 65. Re6
Rxb2+ 66. Kf3 Kg7 {deutlich besser ist Tb3+, nebst a4.} 67. Ra6 Be7 $2 {
Und nun scheitert der Pewatronic wieder an seinem Endspielwissen, es ist schon
absehbar was hier passiert, Txa5, Lxh4, Sxh5 und der Pewatronic freut sich
über seine Mehrfigur mit einer Stellungsbewertung von +3,00, aber es ist
natürlich Remis., Stockfish 0,00, nötig war hier natürlich Lb4 und Weiss
ist verloren.} 68. Rxa5 Bxh4 69. Nxh5+ gxh5 70. Rxh5 {Userentscheid: Remis}
1/2-1/2